Toward environmentally sustainable development in Sub-Saharan African: a world bank agenda (Record no. 36619)

MARC details
000 -LEADER
fixed length control field 00525nam a2200169Ia 4500
020 ## - INTERNATIONAL STANDARD BOOK NUMBER
ISBN 9780821335994
050 ## - CALL MARK
Classification number HC 800.Z9 .E588/
245 #0 - TITLE STATEMENT
Title Toward environmentally sustainable development in Sub-Saharan African: a world bank agenda
260 ## - PUBLICATION, DISTRIBUTION, ETC. (IMPRINT)
Place of publication Washing D.C.
260 ## - PUBLICATION, DISTRIBUTION, ETC. (IMPRINT)
Name of publisher The World Bank
260 ## - PUBLICATION, DISTRIBUTION, ETC. (IMPRINT)
Year of publication 1996
300 ## - PHYSICAL DESCRIPTION
Number of Pages 140 p
650 ## - SUBJECT ADDED ENTRY--TOPICAL TERM
Topical Term World Bank--Africa, Sub-Saharan. Sustainable development--Africa, Sub-Saharan.
942 ## - ADDED ENTRY ELEMENTS (KOHA)
Koha item type Books
Holdings
Withdrawn status Lost status Source of classification or shelving scheme Damaged status Not for loan Permanent Location Current Location Date acquired Accession Number Price effective from Koha item type
    Library of Congress Classification     NILE UNIVERSITY OF NIGERIA - MAIN LIBRARY NILE UNIVERSITY OF NIGERIA - MAIN LIBRARY 04/23/2025 0194560 04/23/2025 Books